<?xml version="1.0" encoding="UTF-8"?><?xml-stylesheet type="text/xsl" href="static/style.xsl"?><OAI-PMH xmlns="http://www.openarchives.org/OAI/2.0/" xmlns:xsi="http://www.w3.org/2001/XMLSchema-instance" xsi:schemaLocation="http://www.openarchives.org/OAI/2.0/ http://www.openarchives.org/OAI/2.0/OAI-PMH.xsd"><responseDate>2026-04-29T02:37:46Z</responseDate><request verb="GetRecord" identifier="oai:repisalud.isciii.es:20.500.12105/10269" metadataPrefix="marc">https://repisalud.isciii.es/rest/oai/request</request><GetRecord><record><header><identifier>oai:repisalud.isciii.es:20.500.12105/10269</identifier><datestamp>2025-06-23T19:20:11Z</datestamp><setSpec>com_20.500.12105_2052</setSpec><setSpec>com_20.500.12105_2051</setSpec><setSpec>col_20.500.12105_19608</setSpec></header><metadata><record xmlns="http://www.loc.gov/MARC21/slim" xmlns:dcterms="http://purl.org/dc/terms/" xmlns:doc="http://www.lyncode.com/xoai" xmlns:xsi="http://www.w3.org/2001/XMLSchema-instance" xsi:schemaLocation="http://www.loc.gov/MARC21/slim http://www.loc.gov/standards/marcxml/schema/MARC21slim.xsd">
   <leader>00925njm 22002777a 4500</leader>
   <datafield ind2=" " ind1=" " tag="042">
      <subfield code="a">dc</subfield>
   </datafield>
   <datafield ind2=" " ind1=" " tag="720">
      <subfield code="a">Goicolea, Isabel</subfield>
      <subfield code="e">author</subfield>
   </datafield>
   <datafield ind2=" " ind1=" " tag="720">
      <subfield code="a">Gea-Sánchez, Montserrat</subfield>
      <subfield code="e">author</subfield>
   </datafield>
   <datafield ind2=" " ind1=" " tag="720">
      <subfield code="a">Otero Garcia, Laura</subfield>
      <subfield code="e">author</subfield>
   </datafield>
   <datafield ind2=" " ind1=" " tag="720">
      <subfield code="a">Sanz-Barbero, Belén</subfield>
      <subfield code="e">author</subfield>
   </datafield>
   <datafield ind2=" " ind1=" " tag="260">
      <subfield code="c">2013-11-08</subfield>
   </datafield>
   <datafield ind2=" " ind1=" " tag="520">
      <subfield code="a">Background: There insufficient information regarding access and participation of immigrant women in Spain in sexual and reproductive health programs. Recent studies show their lower participation rate in gynecological cancer screening programs; however, little is known about the participation in other sexual and reproductive health programs by immigrant women living in rural areas with high population dispersion. Objectives: The objective of this study is to explore the perceptions of midwives who provide these services regarding immigrant women's access and participation in sexual and reproductive health programs offered in a rural area. Design: A qualitative study was performed, within a larger ethnographic study about rural primary care, with data collection based on in-depth interviews and field notes. Participants were the midwives in primary care serving 13 rural basic health zones (BHZ) of Segovia, a region of Spain with high population dispersion. An interview script was designed to collect information about midwives' perceptions on immigrant women's access to and use of the healthcare services that they provide. Interviews were recorded and transcribed with participant informed consent. Data were analyzed based on the qualitative content analysis approach and triangulation of results with fieldwork notes. Results: Midwives perceive that immigrants in general, and immigrant women in particular, underuse family planning services. This underutilization is associated with cultural differences and gender inequality. They also believe that the number of voluntary pregnancy interruptions among immigrant women is elevated and identify childbearing and childrearing-related tasks and the language barrier as obstacles to immigrant women accessing the available prenatal and postnatal healthcare services. Conclusions: Immigrant women's underutilization of midwifery services may be linked to the greater number of unintended pregnancies, pregnancy terminations, and the delay in the first prenatal visit, as discerned by midwives. Future research should involve samples of immigrant women themselves, to provide a deeper understanding of the current knowledge, attitudes, and practices of the immigrant population regarding reproductive and sexual health to provide better health services.</subfield>
   </datafield>
   <datafield ind1="8" ind2=" " tag="024">
      <subfield code="a">Glob Health Action  . 2013 Nov 8;6:22645.</subfield>
   </datafield>
   <datafield ind1="8" ind2=" " tag="024">
      <subfield code="a">http://hdl.handle.net/20.500.12105/10269</subfield>
   </datafield>
   <datafield ind1="8" ind2=" " tag="024">
      <subfield code="a">24206651</subfield>
   </datafield>
   <datafield ind1="8" ind2=" " tag="024">
      <subfield code="a">10.3402/gha.v6i0.22645</subfield>
   </datafield>
   <datafield ind1="8" ind2=" " tag="024">
      <subfield code="a">1654-9880</subfield>
   </datafield>
   <datafield ind1="8" ind2=" " tag="024">
      <subfield code="a">Global health action</subfield>
   </datafield>
   <datafield ind2="0" ind1="0" tag="245">
      <subfield code="a">Access to and use of sexual and reproductive health services provided by midwives among rural immigrant women in Spain: midwives' perspectives</subfield>
   </datafield>
</record></metadata></record></GetRecord></OAI-PMH>